Veľký tresk sa blíži

Eurom by sme mali začať platiť v roku 2009, náš vstup do eurozóny však môže byť odložený. Euro má byť zavedené súčasne do hotovostného aj bezhotovostného obehu tzv. veľkým treskom, bez prechodného obdobia. Počas duálneho obehu od 1.1. do 16. 1. 2009 sa bude môcť na území Slovenska platiť v hotovosti...

Descrizione completa

Salvato in:
Dettagli Bibliografici
Autore principale: Lesay, Juraj
Natura: Capitolo di libro
Lingua:slovacco
Soggetti:
Tags: Aggiungi Tag
Nessun Tag, puoi essere il primo ad aggiungerne!!

MARC

LEADER 00000naa$a2200000$$$4500
001 0039624
005 20231107130320.6
041 0 |a slo 
044 |a SK 
245 1 0 |a Veľký tresk sa blíži  |c Juraj Lesay 
520 |a Eurom by sme mali začať platiť v roku 2009, náš vstup do eurozóny však môže byť odložený. Euro má byť zavedené súčasne do hotovostného aj bezhotovostného obehu tzv. veľkým treskom, bez prechodného obdobia. Počas duálneho obehu od 1.1. do 16. 1. 2009 sa bude môcť na území Slovenska platiť v hotovosti nielen eurom, ale aj korunovými bankovkami a mincami, ktoré sa budú postupne sťahovať z obehu. Kurz bude jednotný. Všetky zmluvy, ktoré obsahujú údaje v slovenských korunách, zostanú po zavedení eura naďalej platné - kontinuita kontraktov. Zavedenie eura nesmie poškodiť občanov a spotrebiteľov. 
610 2 0 |a euro 
610 2 0 |a euromena 
610 2 0 |a eurozóna 
610 2 0 |a Slovensko 
100 1 |a Lesay, Juraj